the ultimate creepypasta quiz part 1 - Statistics

General Stats
  • This quiz has been taken 93 times
  • The average score is 9 of 15
Answer Stats
Hint Answer % Correct
blind and watching slender man
98%
killed his family jeff the killer
95%
eats kidneys eyeless jack
85%
monochromatic clown laughing jack
85%
strange human like thing the rake
85%
minecraft classic herobrine
84%
hates the last one jane the killer
67%
I AM GOD sonic.exe
58%
same here hoodie
51%
always wears his name masky
49%
show about fruit happy appy
42%
can you feel the sunshine tails doll
42%
once called gold lost silver
38%
YOU HAVE. TO GO. INSIDE. candle cove
13%
creepy experiment the russain sleep experiment
4%
No matching quizzes found
Score Distribution
Percent of People with Each Score
Percentile by Number Answered
Your Score History
You have not taken this quiz